000 00667nam a22002297a 4500
999 _c164515
_d164515
003 OSt
020 _a9789385401350
082 _a339
_b AHU/MA
100 _aAhuja, H L
245 _aMacroeconomics:
_btheory and policy
250 _a20
260 _aNew Delhi
_bS Chand and company Limited
_c1986
300 _a936p.
500 _aBased mainly on UGC model curriculum
546 _aEnglish
650 _aNature and scope of macroeconomics
650 _aThe classical full employment model
650 _aMonetary demand and supply
650 _aMoney, Prices and Inflation
650 _aBusiness cycles and macroeconomic policy
942 _2ddc
_cBK